Worlds apart trading together : the organisation of long-distance trade between Rome and India in antiquity /
This text sets out to replace the outdated notion of 'Indo-Roman trade', integrating new findings from the last 30 years. Analysis conducted demonstrates that highly substantial levels of trade took place between the Mediterranean and the Indian Ocean in the 1st-6th c. altering consumption...
المؤلف الرئيسي:
التنسيق: كتاب الكتروني
اللغة: English
منشور في:
Summertown, Oxford :
Archaeopress Publishing Ltd,
2017.
سلاسل:
Archaeopress Roman archaeology ;
32.
الموضوعات:
الوصول للمادة أونلاين: Login to view Source
الوسوم: إضافة وسم
رقم الطلب: DG85
| LEADER | 02171nam a2200457 i 4500 | ||
|---|---|---|---|
| 001 | EDZ0001947058 | ||
| 003 | StDuBDS | ||
| 005 | 20230412182100.0 | ||
| 006 | m|||||o||d|||||||| | ||
| 007 | cr ||||||||||| | ||
| 008 | 171206s2017 enka fob 000|0|eng|d | ||
| 020 | |a 9781784917432 (ebook) : |c No price | ||
| 040 | |a StDuBDS |b eng |c StDuBDS |e rda |e pn | ||
| 050 | 4 | |a DG85 | |
| 082 | 0 | 4 | |a 937.06 |2 23 |
| 100 | 1 | |a Grønlund Evers, Kasper, |e author. | |
| 245 | 1 | 0 | |a Worlds apart trading together : |b the organisation of long-distance trade between Rome and India in antiquity / |c Kasper Grønlund Evers. |
| 264 | 1 | |a Summertown, Oxford : |b Archaeopress Publishing Ltd, |c 2017. | |
| 300 | |a 1 online resource (viii, 214 pages) : |b illustrations (black and white, and colour). | ||
| 336 | |a text |2 rdacontent | ||
| 336 | |a still image |2 rdacontent | ||
| 337 | |a computer |2 rdamedia | ||
| 338 | |a online resource |2 rdacarrier | ||
| 490 | 1 | |a Archaeopress Roman archaeology ; |v 32 | |
| 500 | |a Previously issued in print: 2017. | ||
| 504 | |a Includes bibliographical references. | ||
| 520 | 8 | |a This text sets out to replace the outdated notion of 'Indo-Roman trade', integrating new findings from the last 30 years. Analysis conducted demonstrates that highly substantial levels of trade took place between the Mediterranean and the Indian Ocean in the 1st-6th c. altering consumption and production in India, South Arabia, and the Roman Empire. | |
| 521 | |a Specialized. | ||
| 588 | |a Description based on online resource; title from home page (viewed on October 2, 2018). | ||
| 651 | 0 | |a Rome |x Commerce |z India. | |
| 651 | 0 | |a India |x Commerce |z Rome. | |
| 651 | 0 | |a Rome |x Antiquities. | |
| 651 | 0 | |a India |x Antiquities. | |
| 651 | 0 | |a Rome |x Economic conditions |y 30 B.C.-476 A.D. | |
| 651 | 0 | |a India |x Economic conditions |y To 1000. | |
| 776 | 0 | 8 | |i Print version : |z 9781784917425 |
| 830 | 0 | |a Archaeopress Roman archaeology ; |v 32. | |
| 856 | 4 | 0 | |3 Archaeopress |u http://library.arce.org:8087/Archaeopress/Products/9781784917425 |
| 942 | |2 lcc |c EBOOK | ||
| 952 | |0 0 |1 0 |4 0 |6 DG0085 |7 1 |9 46340 |a ARCH |b ARCH |d 2023-04-12 |l 0 |o DG85 |r 2023-04-12 00:00:00 |w 2023-04-12 |y EBOOK | ||
| 999 | |c 51998 |d 51998 | ||
